000 01206nam a2200337 a 4500
003 AR-BaBNM
005 20251128205018.0
008 082120s2002 ||||||||||||||000 | spa||
020 _a84-7248-329-0
040 _cAR-BaBNM
245 0 0 _aLos planes y programas para la enseñanza de la historia en Iberoamérica en el nivel medio
260 _aMadrid
_bMarcial Pons
_bOEI
_c1996
300 _a209 p.
_btablas
500 _aOEI: Organización de los Estados Iberoamericanos para la Educación, la Ciencia y la Cultura
500 _aProyecto sobre alternativas para la armonización e innovación de la enseñanza de la historia en Iberoamérica
504 _aContiene bibliografía al final de cada capítulo
650 4 _aENSEÑANZA DE LA HISTORIA
650 4 _aHISTORIA
650 4 _aPROFESORES DE HISTORIA
650 4 _aPLANIFICACION DEL CURRICULO
650 4 _aEVALUACION DEL PLAN DE ESTUDIOS
651 4 _aAmérica Latina
653 _aEDUCACION SECUNDARIA
653 _aINNOVACIONES EDUCATIVAS
700 1 _aBlas, Patricio de
700 1 _aGonzález Muñoz, María del Carmen
700 1 _aRoca, Enrique
700 1 _aServiá, María Jesús
942 _cBK
998 _csilvi
999 _c9676
_d9676